|
|
|
|
| LEADER |
00000nam0a2200000 4500 |
| 001 |
368084 |
| 005 |
20231102012040.0 |
| 010 |
|
|
|a 5898000046
|
| 035 |
|
|
|a (RuTPU)RU\TPU\retro\25447
|
| 090 |
|
|
|a 368084
|
| 100 |
|
|
|a 20220330d1988 m y0rusy50 ca
|
| 101 |
0 |
|
|a rus
|a kaz
|
| 102 |
|
|
|a KZ
|
| 105 |
|
|
|a y g 001zy
|
| 200 |
1 |
|
|a Разговорник русско-казахский
|d Тiлашар орысша-казакша
|f гл. ред. Р. Н. Нургалиев
|
| 210 |
|
|
|a Алма-Ата
|c Казахская советская энциклопедия
|d 1988
|
| 215 |
|
|
|a 315 с.
|
| 317 |
|
|
|5 63413507: КР-7625
|a Поступил в НТБ в 2021 г. в дар от семьи профессора ТПУ Л. П. Рихванова
|
| 320 |
|
|
|a Алф. указ. на русском языке: с. 294-311
|
| 330 |
|
|
|a Карманный русско-казахский разговорник предназначен для лиц, изучающих казахский язык. Во вступительной статье даны краткое описание грамматики казахского языка и таблица написания и произношения тех букв и звуков казахского языка, которые не имеют соответствия в русском языке. Разговорник состоит из 20 разделов, охватывающих наиболее распространенные темы общения. Каждый раздел включает в себя: а) инфомацию по данной теме; б) типовые фразы и диалоги; в) словарь. В заключительных разделах указаны основные достопримечательности Казахстана и даны наиболее употребительные слова и выражения. Для удобства читателей в конце разговорника помещен алфавитный указатель на русском языке.
|
| 510 |
1 |
|
|a Тiлашар орысша-казакша
|z kaz
|
| 606 |
1 |
|
|a Тюркские языки
|2 stltpush
|3 (RuTPU)RU\TPU\subj\62201
|9 79343
|
| 610 |
1 |
|
|a казахский язык
|
| 610 |
1 |
|
|a русско-казахские словари
|
| 610 |
1 |
|
|a разговорники
|
| 610 |
1 |
|
|a лексикология
|
| 610 |
1 |
|
|a Библиотека Л. П. Рихванова
|
| 610 |
1 |
|
|a дары библиотеке
|
| 686 |
|
|
|a Ш163
|v LBC/SL-A
|2 rubbk
|
| 702 |
|
1 |
|a Нургалиев
|b Р. Н.
|4 651
|
| 801 |
|
1 |
|a RU
|b 63413507
|c 20220330
|
| 801 |
|
2 |
|a RU
|b 63413507
|c 20220712
|g RCR
|
| 942 |
|
|
|c BK
|